[Event "ROM-ch U20 Girls"]
[Site "Calimanesti Caciulata"]
[Date "2016.04.20"]
[Round "3"]
[White "Cosman, Andreea Marioara"]
[Black "Cirlig, Ioana Andreea"]
[Result "0-1"]
[WhiteElo "2101"]
[BlackElo "1833"]
[PlyCount "124"]
[EventDate "2016.04.18"]
[EventType "tourn"]
[EventRounds "6"]
[EventCountry "ROU"]
[SourceTitle "CBM 172 Extra"]
[Source "ChessBase"]
[SourceDate "2016.06.21"]
[SourceVersion "1"]
[SourceVersionDate "2016.06.21"]
[SourceQuality "1"]

1. d4 d5 2. c4 e6 3. Nc3 Nf6 4. cxd5 exd5 5. Bg5 Be7 6. e3 Nbd7 7. Bd3 0-0 8. Qc2 c6 9. Nge2 b6 10. 0-0 h6 11. Bh4 Bb7 12. f3 c5 13. Bf2 a6 14. Ng3 Re8 15. a3 Rc8 16. Rae1 b5 17. dxc5 Bxc5 18. Nf5 Ne5 19. Nd4 Qb6 20. Nb3 Nxd3 21. Qxd3 Bd6 22. Ne2 Nd7 23. Ned4 Ne5 24. Qf5 Nc4 25. Re2 Qc7 26. Qh3 Rcd8 27. Nf5 Bc8 28. Nbd4 Be5 29. g4 Bxf5 30. Nxf5 d4 31. Bh4 d3 32. Bxd8 Rxd8 33. Ree1 d2 34. Rd1 Nxb2 35. Qg2 Nxd1 36. Rxd1 Qc2 37. Qe2 Bb2 38. Kg2 Kf8 39. e4 Bxa3 40. Ne3 Qd3 41. Kf1 Qxe2+ 42. Kxe2 Bc1 43. Nd5 a5 44. Kd3 Rc8 45. h4 a4 46. g5 a3 47. Nb4 h5 48. f4 Rc4 49. Na2 Ke7 50. Rf1 Kd6 51. f5 Kc5 52. e5 Rf4 53. Rd1 Rxf5 54. Ke4 Rf2 55. Nxc1 dxc1Q 56. Rxc1+ Kb4 57. g6 a2 58. gxf7 Rxf7 59. Ra1 Kb3 60. Kd5 Kb2 61. Re1 a1Q 62. Rxa1 Kxa1 0-1

[Event "Arad op 8th"]
[Site "Arad"]
[Date "2015.08.07"]
[Round "3"]
[White "Cirlig, Ioana Andreea"]
[Black "Nikolov, Momchil"]
[Result "0-1"]
[WhiteElo "1778"]
[BlackElo "2531"]
[PlyCount "39"]
[EventDate "2015.08.06"]
[EventType "swiss"]
[EventRounds "9"]
[EventCountry "ROU"]
[SourceTitle "CBM 167 Extra"]
[Source "ChessBase"]
[SourceDate "2015.09.14"]
[SourceVersion "1"]
[SourceVersionDate "2015.09.14"]
[SourceQuality "1"]

1. e4 c5 2. Nf3 Nc6 3. d3 g6 4. g3 Bg7 5. Bg2 d6 6. 0-0 e5 7. h3 Nge7 8. c3 0-0 9. Be3 f5 10. Qb3+ Kh8 11. Ng5 f4 12. Bd2 Qe8 13. a4 h6 14. Nf3 g5 15. g4 h5 16. Nh2 Ng8 17. Na3 Nf6 18. Bf3 Be6 19. Qd1 Qd7 20. Kg2 0-1

[Event "Iasi op"]
[Site "Iasi"]
[Date "2014.05.13"]
[Round "4"]
[White "Oloeriu, Delia Ioana"]
[Black "Cirlig, Ioana Andreea"]
[Result "0-1"]
[WhiteElo "1447"]
[BlackElo "1825"]
[PlyCount "54"]
[EventDate "2014.05.10"]
[EventType "swiss"]
[EventRounds "9"]
[EventCountry "ROU"]
[SourceTitle "CBM 160 Extra"]
[Source "ChessBase"]
[SourceDate "2014.07.01"]
[SourceVersion "1"]
[SourceVersionDate "2014.07.01"]
[SourceQuality "1"]

1. e4 c6 2. f4 d5 3. d3 Nf6 4. Nc3 Bg4 5. Be2 Bxe2 6. Qxe2 e6 7. Nf3 Qb6 8. Rb1 d4 9. Nd1 c5 10. c3 Nc6 11. cxd4 cxd4 12. a3 Bxa3 13. 0-0 Be7 14. Qc2 0-0 15. Kh1 Rac8 16. Qa4 Nb4 17. Bd2 Nxd3 18. e5 Ne4 19. Ba5 Qa6 20. Kg1 Rc4 21. Qd7 Qxa5 22. Qxe7 Nxf4 23. Qxb7 Ne2+ 24. Kh1 Nd2 25. Nxd2 Qxd2 26. Qxa7 Rc2 27. Rf2 Qe1+ 0-1

[Event "ROM-ch (Women)"]
[Site "Targu Mures"]
[Date "2014.04.30"]
[Round "5"]
[White "Moldovan, Petruta Alisia"]
[Black "Cirlig, Ioana Andreea"]
[Result "1-0"]
[WhiteElo "1690"]
[BlackElo "1793"]
[PlyCount "65"]
[EventDate "2014.04.26"]
[EventType "swiss"]
[EventRounds "9"]
[EventCountry "ROU"]
[SourceTitle "CBM 160 Extra"]
[Source "ChessBase"]
[SourceDate "2014.07.01"]
[SourceVersion "1"]
[SourceVersionDate "2014.07.01"]
[SourceQuality "1"]

1. d4 d5 2. c4 e6 3. Nf3 c6 4. e3 Nf6 5. Nbd2 Qa5 6. Bd3 dxc4 7. Bxc4 b5 8. Bd3 Nbd7 9. 0-0 Bb7 10. Nb3 Qd8 11. Bd2 a5 12. a4 b4 13. Rc1 Rc8 14. e4 c5 15. e5 Ne4 16. Be3 Be7 17. dxc5 Nexc5 18. Bxc5 Bxc5 19. Bb5 Bb6 20. Qd3 Bd5 21. Rxc8 Qxc8 22. Rc1 Qd8 23. Nc5 Bxc5 24. Rxc5 0-0 25. Bxd7 Qxd7 26. Ng5 g6 27. Ne4 Qxa4 28. Nf6+ Kg7 29. Qd2 Rd8 30. Ng4 Bf3 31. Qh6+ Kh8 32. gxf3 Rd1+ 33. Kg2 1-0

[Event "ROM-ch (Women)"]
[Site "Targu Mures"]
[Date "2014.04.29"]
[Round "4"]
[White "Cirlig, Ioana Andreea"]
[Black "Vasile, Teodora"]
[Result "1/2-1/2"]
[WhiteElo "1793"]
[BlackElo "1965"]
[PlyCount "166"]
[EventDate "2014.04.26"]
[EventType "swiss"]
[EventRounds "9"]
[EventCountry "ROU"]
[SourceTitle "CBM 160 Extra"]
[Source "ChessBase"]
[SourceDate "2014.07.01"]
[SourceVersion "1"]
[SourceVersionDate "2014.07.01"]
[SourceQuality "1"]

1. e4 d6 2. d4 Nf6 3. Nc3 Nbd7 4. Nf3 e5 5. Bc4 Be7 6. 0-0 c6 7. a4 a5 8. Re1 0-0 9. h3 Qc7 10. b3 h6 11. Ba3 Re8 12. Qd2 Nb6 13. Bf1 Be6 14. Rad1 Rad8 15. Nb1 Nbd7 16. Nc3 exd4 17. Nxd4 Nc5 18. Qf4 Rd7 19. Bxc5 dxc5 20. Nxe6 fxe6 21. Qxc7 Rxc7 22. Bc4 Bf8 23. Rd2 Kh7 24. Red1 e5 25. f3 Be7 26. Ne2 Rcc8 27. Be6 Rb8 28. Nc3 g6 29. Kf1 Kg7 30. Bc4 Kf8 31. Kf2 Rbd8 32. Rxd8 Rxd8 33. Rxd8+ Bxd8 34. Nb1 Ne8 35. Ke2 Nd6 36. Be6 Ke7 37. Bg8 Kf8 38. Be6 Bg5 39. Nc3 Ke7 40. Bg8 Bc1 41. Kd3 Ne8 42. Ne2 Bg5 43. g3 Nf6 44. Bc4 Nh5 45. c3 Bf6 46. f4 g5 47. f5 Ng7 48. g4 h5 49. Ng3 hxg4 50. hxg4 Ne8 51. Nh5 Bh8 52. Ke2 Nc7 53. Kd2 Bf6 54. Kc1 Ne8 55. Kb2 Kf8 56. Be6 Bd8 57. Bd7 Nd6 58. Ng3 c4 59. Be6 cxb3 60. Bxb3 Bb6 61. Bc2 Bf2 62. Nf1 Ke7 63. Kb3 Ne8 64. Bd1 Nf6 65. Bf3 Kd6 66. Kc4 Be1 67. Ne3 Bd2 68. Nd1 Nd7 69. Nb2 Nb6+ 70. Kd3 Be1 71. Nc4+ Nxc4 72. Kxc4 b6 73. Bd1 Bd2 74. Bb3 Be3 75. Kd3 Bc5 76. Bc4 Ba3 77. Ba6 Kc5 78. f6 Kd6 79. f7 Ke7 80. Bc4 Bc5 81. Kc2 b5 82. axb5 cxb5 83. Bxb5 Kxf7 1/2-1/2

[Event "ROM-ch (Women)"]
[Site "Targu Mures"]
[Date "2014.04.27"]
[Round "2"]
[White "Porcoleanu, Doina Olga"]
[Black "Cirlig, Ioana Andreea"]
[Result "0-1"]
[WhiteElo "1663"]
[BlackElo "1793"]
[PlyCount "114"]
[EventDate "2014.04.26"]
[EventType "swiss"]
[EventRounds "9"]
[EventCountry "ROU"]
[SourceTitle "CBM 160 Extra"]
[Source "ChessBase"]
[SourceDate "2014.07.01"]
[SourceVersion "1"]
[SourceVersionDate "2014.07.01"]
[SourceQuality "1"]

1. d4 d5 2. Nf3 Nf6 3. Bf4 c5 4. e3 Qb6 5. Qc1 Nc6 6. c3 Bf5 7. Nbd2 e6 8. h3 Be7 9. Be2 h6 10. Ne5 0-0 11. Ndf3 c4 12. 0-0 Rfc8 13. Bd1 Qd8 14. Bc2 Bxc2 15. Qxc2 b5 16. Nxc6 Rxc6 17. Be5 Nd7 18. e4 Nb6 19. Bf4 Bf6 20. e5 Be7 21. Bd2 a5 22. a3 Nd7 23. Rfb1 Rca6 24. b3 Nb6 25. Qd1 Rb8 26. b4 Qc7 27. Ne1 Na4 28. Nc2 Rba8 29. Qc1 Qd8 30. Qe1 R8a7 31. f4 Qa8 32. bxa5 Rxa5 33. Nb4 Nb6 34. Nc2 Bxa3 35. Nxa3 Rxa3 36. Rxa3 Rxa3 37. Rxb5 Qa6 38. Rb1 Qa5 39. Kh2 Kf8 40. Rb4 Ra1 41. Rb1 Ra3 42. Rb4 Rb3 43. Bc1 Qa1 44. Bd2 Qxe1 45. Bxe1 Rxb4 46. cxb4 Ke8 47. Kg1 Kd7 48. b5 Na4 49. Bd2 Kc7 50. Kf1 Kb6 51. Ke1 Kxb5 52. Kd1 c3 53. Be3 Kc4 54. Kc2 Nb2 55. g3 Nd3 56. Kd1 Kb3 57. Ke2 Nb2 0-1

[Event "ROM-ch U18 Girls"]
[Site "Calimanesti"]
[Date "2014.04.11"]
[Round "7"]
[White "Cirlig, Ioana Andreea"]
[Black "Cosman, Andreea Marioara"]
[Result "0-1"]
[WhiteElo "1793"]
[BlackElo "1914"]
[PlyCount "60"]
[EventDate "2014.04.06"]
[EventType "tourn"]
[EventRounds "9"]
[EventCountry "ROU"]
[SourceTitle "CBM 160 Extra"]
[Source "ChessBase"]
[SourceDate "2014.07.01"]
[SourceVersion "1"]
[SourceVersionDate "2014.07.01"]
[SourceQuality "1"]

1. e4 c5 2. Nf3 a6 3. d4 cxd4 4. Nxd4 Nf6 5. Nc3 e5 6. Nb3 d6 7. f3 Be7 8. Be3 Be6 9. g4 h6 10. Qd2 Nbd7 11. 0-0-0 b5 12. Nd5 Bxd5 13. exd5 Nb6 14. Bxb6 Qxb6 15. h4 a5 16. Qe2 Rb8 17. Bg2 a4 18. Na1 Qc5 19. f4 Nd7 20. Rh3 exf4 21. Qe4 Ne5 22. Qxf4 g5 23. Qe4 gxh4 24. Rc3 Qa7 25. Rd4 b4 26. Rh3 Qc5 27. Bf1 Rg8 28. Be2 h5 29. gxh5 f5 30. Qxf5 Qxd4 0-1

[Event "ROM-ch U16 Girls"]
[Site "Calimanesti"]
[Date "2013.04.08"]
[Round "9"]
[White "Cosman, Andreea Marioara"]
[Black "Cirlig, Ioana Andreea"]
[Result "1-0"]
[WhiteElo "1939"]
[BlackElo "1813"]
[PlyCount "95"]
[EventDate "2013.04.02"]
[EventType "swiss"]
[EventRounds "9"]
[EventCountry "ROU"]
[SourceTitle "CBM 153 Extra"]
[Source "ChessBase"]
[SourceDate "2013.04.22"]
[SourceVersion "1"]
[SourceVersionDate "2013.04.22"]
[SourceQuality "1"]

1. e4 c6 2. d4 d5 3. e5 Bf5 4. c3 e6 5. Be3 Qb6 6. Qb3 Nd7 7. Nd2 c5 8. Ngf3 c4 9. Qxb6 axb6 10. Nh4 Bg6 11. Nxg6 hxg6 12. f4 Ne7 13. g4 b5 14. a3 Nc6 15. Rc1 Be7 16. Bg2 Nb6 17. Ke2 Na4 18. Rc2 0-0-0 19. h3 f5 20. exf6 gxf6 21. Nf3 Rh7 22. Kf2 Bd6 23. Rd1 Bc7 24. Re2 Nb6 25. Rde1 Rf8 26. Kg1 Nd7 27. Bc1 Nd8 28. Rf2 Bb6 29. Nh2 Rhh8 30. Be3 Kc7 31. f5 gxf5 32. gxf5 Rh5 33. fxe6 Nxe6 34. Ref1 Kc6 35. Rf5 Rxf5 36. Rxf5 Nc7 37. Bf4 Rg8 38. Ng4 Re8 39. Kf1 Rf8 40. Bxc7 Kxc7 41. Bxd5 Rh8 42. Bg2 b4 43. axb4 Ra8 44. Bd5 Ra1+ 45. Kg2 Rd1 46. Bxc4 Bxd4 47. cxd4 Rxd4 48. b3 1-0

[Event "ROM-ch (Women)"]
[Site "Baile Olanesti"]
[Date "2013.02.16"]
[Round "1"]
[White "Cirlig, Ioana Andreea"]
[Black "Ionescu, Irina"]
[Result "0-1"]
[WhiteElo "1777"]
[BlackElo "2253"]
[PlyCount "58"]
[EventDate "2013.02.16"]
[EventType "swiss"]
[EventRounds "9"]
[EventCountry "ROU"]
[SourceTitle "CBM 153 Extra"]
[Source "ChessBase"]
[SourceDate "2013.04.22"]
[SourceVersion "1"]
[SourceVersionDate "2013.04.22"]
[SourceQuality "1"]

1. e4 d5 2. exd5 Qxd5 3. Nf3 Nf6 4. d4 Bg4 5. Be2 Nc6 6. c4 Qa5+ 7. Nc3 e6 8. 0-0 0-0-0 9. Be3 Bc5 10. a3 Bxf3 11. Bxf3 Bxd4 12. Bxc6 Bxe3 13. Bxb7+ Kb8 14. Qf3 Bd4 15. Ba8 Qa6 16. Na4 e5 17. Nc3 Rhe8 18. Ne4 Nd7 19. Nd2 f5 20. Bd5 g6 21. Rab1 e4 22. Qb3+ Kc8 23. Rfe1 Nc5 24. Qh3 Nd3 25. Nxe4 Bxf2+ 26. Nxf2 Nxe1 27. Qxh7 Qb6 28. b4 Nd3 29. c5 Nxc5 0-1

[Event "ROM-ch (Women)"]
[Site "Sarata Monteoru"]
[Date "2012.02.15"]
[Round "3"]
[White "Cirlig, Ioana Andreea"]
[Black "Porcoleanu, Doina Olga"]
[Result "1-0"]
[WhiteElo "1665"]
[BlackElo "1767"]
[PlyCount "27"]
[EventDate "2012.02.13"]
[EventType "swiss"]
[EventRounds "9"]
[EventCountry "ROU"]
[SourceTitle "CBM 147 Extra"]
[Source "ChessBase"]
[SourceDate "2012.04.24"]
[SourceVersion "1"]
[SourceVersionDate "2012.04.24"]
[SourceQuality "1"]

1. e4 c5 2. Nf3 d6 3. d4 cxd4 4. Nxd4 Nf6 5. Nc3 Nc6 6. Bg5 e6 7. Qd2 Be7 8. Bb5 Bd7 9. 0-0-0 Ne5 10. f4 Bxb5 11. fxe5 Nxe4 12. Nxe4 d5 13. Bxe7 Qxe7 14. Nd6+ 1-0

[Event "ROM-ch (Women)"]
[Site "Sarata Monteoru"]
[Date "2012.02.14"]
[Round "2"]
[White "Cirlig, Ioana Andreea"]
[Black "Cosman, Andreea Marioara"]
[Result "0-1"]
[WhiteElo "1665"]
[BlackElo "1885"]
[PlyCount "68"]
[EventDate "2012.02.13"]
[EventType "swiss"]
[EventRounds "9"]
[EventCountry "ROU"]
[SourceTitle "CBM 147 Extra"]
[Source "ChessBase"]
[SourceDate "2012.04.24"]
[SourceVersion "1"]
[SourceVersionDate "2012.04.24"]
[SourceQuality "1"]

1. e4 c5 2. Nf3 d6 3. d4 cxd4 4. Nxd4 Nf6 5. Nc3 a6 6. Bg5 Nbd7 7. a4 b6 8. Be2 Bb7 9. f3 g6 10. Qd2 Bg7 11. 0-0 0-0 12. Bh6 Rc8 13. g4 Nc5 14. h4 Qc7 15. h5 d5 16. exd5 Qg3+ 17. Kh1 Bxh6 18. Qxh6 Nxd5 19. Nxd5 Bxd5 20. hxg6 fxg6 21. Qg5 e5 22. b4 Nb7 23. Rae1 Rf4 24. Qxe5 Qh3+ 25. Kg1 Rxg4+ 26. Kf2 Rg2+ 27. Ke3 Bf7 28. Kd2 Qd7 29. Qe4 Nd6 30. Qf4 Nc4+ 31. Kc1 Qxa4 32. Nb3 Qa3+ 33. Kd1 Rd8+ 34. Bd3 Nb2+ 0-1

[Event "ROM-ch (Women)"]
[Site "Baile Olanesti"]
[Date "2010.02.06"]
[Round "8"]
[White "Moldovan, Petruta Alisia"]
[Black "Cirlig, Ioana Andreea"]
[Result "1-0"]
[WhiteElo "1741"]
[BlackElo "1579"]
[PlyCount "45"]
[EventDate "2010.01.31"]
[EventType "swiss"]
[EventRounds "9"]
[EventCountry "ROU"]
[SourceTitle "CBM 134 Extra"]
[Source "ChessBase"]
[SourceDate "2010.03.03"]
[SourceVersion "1"]
[SourceVersionDate "2010.03.03"]
[SourceQuality "1"]

1. e4 c6 2. d4 d5 3. e5 Bf5 4. g4 Bg6 5. Ne2 e6 6. h4 h6 7. Nf4 Ne7 8. Bd3 Bxd3 9. Qxd3 Nd7 10. Be3 Qb6 11. Nc3 a6 12. 0-0-0 Qc7 13. Kb1 c5 14. Qe2 cxd4 15. Bxd4 Nc6 16. Rhe1 Bb4 17. Qe3 Nxd4 18. Qxd4 Bc5 19. Qd2 Nxe5 20. Qe2 Bd6 21. Nh5 g6 22. Nf6+ Ke7 23. Nfxd5+ 1-0